Warehouse management and inventory control system / (Record no. 2615)
[ view plain ]
| 000 -LEADER | |
|---|---|
| fixed length control field | 00760nam a22002297a 4500 |
| 003 - CONTROL NUMBER IDENTIFIER | |
| control field | OSt |
| 005 - DATE AND TIME OF LATEST TRANSACTION | |
| control field | 20260428100523.0 |
| 008 - FIXED-LENGTH DATA ELEMENTS--GENERAL INFORMATION | |
| fixed length control field | 260428b |||||||| |||| 00| 0 eng d |
| 020 ## - INTERNATIONAL STANDARD BOOK NUMBER | |
| International Standard Book Number | 9788198041005 |
| 040 ## - CATALOGING SOURCE | |
| Transcribing agency | MILA |
| Modifying agency | MILA_ain |
| 050 ## - LIBRARY OF CONGRESS CALL NUMBER | |
| Classification number | HD38.5 |
| Item number | .R38 2024 |
| 100 1# - MAIN ENTRY--PERSONAL NAME | |
| Personal name | Rathee, Mamta Malik. |
| 245 10 - TITLE STATEMENT | |
| Title | Warehouse management and inventory control system / |
| Statement of responsibility, etc. | Mamta Malik Rathee and Pushpa Rani. |
| 260 ## - PUBLICATION, DISTRIBUTION, ETC. | |
| Place of publication, distribution, etc. | Jashpur Nagar, Chattisgarh : |
| Name of publisher, distributor, etc. | Literatureslight Publishing House, |
| Date of publication, distribution, etc. | 2024. |
| 300 ## - PHYSICAL DESCRIPTION | |
| Extent | 146 p. ; |
| Dimensions | 23 cm. |
| 500 ## - GENERAL NOTE | |
| General note | Includes basic concepts of warehouse management and inventory control systems. |
| 650 #0 - SUBJECT ADDED ENTRY--TOPICAL TERM | |
| Topical term or geographic name entry element | Inventory control. |
| 650 #0 - SUBJECT ADDED ENTRY--TOPICAL TERM | |
| Topical term or geographic name entry element | Warehouses |
| General subdivision | Management. |
| 650 #0 - SUBJECT ADDED ENTRY--TOPICAL TERM | |
| Topical term or geographic name entry element | Logistics. |
| 700 1# - ADDED ENTRY--PERSONAL NAME | |
| Personal name | Rani, Pushpa. |
| 942 ## - ADDED ENTRY ELEMENTS (KOHA) | |
| Source of classification or shelving scheme | Library of Congress Classification |
| Koha item type | Book |
| Withdrawn status | Lost status | Source of classification or shelving scheme | Damaged status | Not for loan | Home library | Current library | Shelving location | Date acquired | Source of acquisition | Cost, normal purchase price | Total Checkouts | Full call number | Barcode | Date last seen | Cost, replacement price | Price effective from | Koha item type |
|---|---|---|---|---|---|---|---|---|---|---|---|---|---|---|---|---|---|
| Library of Congress Classification | MILA University Central Library | MILA University Central Library | General Stacks | 28/04/2026 | Emo Book Services Sdn Bhd | 98.95 | HD38.5 .R38 2024 | 0003605 | 11/12/2025 | 98.95 | 28/04/2026 | Book |
